| 000 | 00550ntaaa2200181 4500 | ||
|---|---|---|---|
| 003 | 01 | ||
| 005 | 20251027201909.0 | ||
| 008 | 0714s1973 ag 01 | ||
| 040 |
_aAR-BaBN _bspa _cAR-BaBN _eaacr _dRIC |
||
| 082 | _a244.1000 M46 | ||
| 100 | _aMears, Henrietta C. | ||
| 245 | _aGrandes héroes del Antiguo Testamento; historias de los patriarcas. | ||
| 250 |
_a1 ed. : _bGospel Light Press, _cc1945 |
||
| 300 | _a66 p. | ||
| 500 | _a"Curso 3, Libro 2. Estudios de la Biblia para niños. Manual del maestro" | ||
| 650 | _aBiblia-Historias | ||
| 942 | _cBK | ||
| 999 |
_c13677 _d13677 |
||